|
|
|
|
| LEADER |
00000nam0a2200000 4500 |
| 001 |
349401 |
| 005 |
20231102010211.0 |
| 035 |
|
|
|a (RuTPU)RU\TPU\retro\1582
|
| 090 |
|
|
|a 349401
|
| 100 |
|
|
|a 20180510d1955 km y0rusy50 ca
|
| 101 |
0 |
|
|a rus
|
| 102 |
|
|
|a RU
|
| 105 |
|
|
|a a z 001zy
|
| 200 |
1 |
|
|a Горные удары
|f С. Г. Авершин
|
| 210 |
|
|
|a Москва
|c Углетехиздат
|d 1955
|
| 215 |
|
|
|a 236 с.
|c ил.
|
| 320 |
|
|
|a Библиогр.: с. 233-234
|
| 606 |
1 |
|
|a Угольные шахты
|x Давление горных пород
|2 stltpush
|3 (RuTPU)RU\TPU\subj\62831
|9 79886
|
| 610 |
1 |
|
|a горные породы
|
| 610 |
1 |
|
|a массивы
|
| 610 |
1 |
|
|a механические свойства
|
| 610 |
1 |
|
|a процессы
|
| 610 |
1 |
|
|a опорное давление
|
| 610 |
1 |
|
|a напряженное состояние
|
| 610 |
1 |
|
|a горные выработки
|
| 610 |
1 |
|
|a уголь
|
| 610 |
1 |
|
|a деформации
|
| 610 |
1 |
|
|a сдвижение
|
| 610 |
1 |
|
|a борьба
|
| 610 |
1 |
|
|a возникновение
|
| 610 |
1 |
|
|a механизмы
|
| 610 |
1 |
|
|a энергия
|
| 610 |
1 |
|
|a мероприятия
|
| 675 |
|
|
|a 622.831.1
|v 4
|
| 700 |
|
1 |
|a Авершин
|b С. Г.
|g Степан Гаврилович
|
| 801 |
|
1 |
|a RU
|b 63413507
|c 20180510
|
| 801 |
|
2 |
|a RU
|b 63413507
|c 20180511
|g RCR
|
| 942 |
|
|
|c BK
|